000 00289nam a2200121Ia 4500
008 190216s9999||||xx |||||||||||||| ||und||
100 _aJain P C
245 0 _aEconomic Problems Of India
260 _bChaitanya Publishing House
_c1967
300 _a606p
650 _aEconomics
942 _cBK
999 _c9112
_d9112